[Event "OL-NORD WEST 1617 SV Tempo Göttin. - Br"]
[Site "?"]
[Date "2017.02.19"]
[Round "6.2"]
[White "Petzold, Golo"]
[Black "Hundack, Rolf"]
[Result "1-0"]
[WhiteElo "2274"]
[BlackElo "2096"]
[PlyCount "91"]
[EventDate "2017.??.??"]

1. d4 Nf6 2. Nf3 e6 3. c4 d5 4. Nc3 Be7 5. Bg5 h6 6. Bh4 O-O 7. e3 Ne4 8. Bxe7
Qxe7 9. Rc1 Nxc3 10. Rxc3 c6 11. Be2 Nd7 12. O-O dxc4 13. Bxc4 e5 14. Bb3 e4
15. Nd2 Nf6 16. Qb1 Bf5 17. Rc5 Bg6 18. Rfc1 Nd7 19. R5c3 Rae8 20. f3 Nf6 21.
f4 Rd8 22. Rc5 Nd5 23. Bxd5 Rxd5 24. Qc2 Qd7 25. Qc4 Bf5 26. b4 a6 27. Qc3 Rxc5
28. bxc5 Be6 29. Nxe4 Bxa2 30. Nd6 Be6 31. Qb4 Rb8 32. e4 f5 33. e5 Kh8 34. Rc3
Qe7 35. Rh3 Kh7 36. Qb1 g6 37. Qb6 Bd5 38. Rg3 h5 39. Rg5 Ra8 40. Qa5 Qd8 41.
Qe1 Qd7 42. Nxf5 Rf8 43. Nh4 Rxf4 44. Nxg6 Qd8 45. Qg3 Rg4 46. Rxh5+ 1-0

[Event "OL-NORD WEST 1617 SV Tempo Göttin. - Br"]
[Site "?"]
[Date "2017.02.19"]
[Round "6.3"]
[White "Issing, Peter"]
[Black "Raum, Sebastian"]
[Result "0-1"]
[WhiteElo "2208"]
[BlackElo "2128"]
[PlyCount "76"]
[EventDate "2017.??.??"]

1. Nf3 Nf6 2. d4 g6 3. c4 Bg7 4. Nc3 O-O 5. e4 d6 6. Be2 e5 7. O-O Nc6 8. d5
Ne7 9. Ne1 Nd7 10. Nd3 f5 11. Bd2 Nf6 12. f3 f4 13. c5 g5 14. Rc1 Ng6 15. Nb5
Rf7 16. Ba5 b6 17. cxb6 axb6 18. Be1 h5 19. Qc2 Ne8 20. Nf2 Bh6 21. Bd2 Nh4 22.
h3 Rg7 23. Kh1 Bd7 24. a4 Qf6 25. Qd1 Kh8 26. Rc3 Qg6 27. Rg1 Nf6 28. Nxc7 Rag8
29. Ne6 Bxe6 30. dxe6 g4 31. Rc1 g3 32. Nd3 Nh7 33. Nb4 Ng5 34. Be1 Nxh3 35.
Rf1 Nf5 36. exf5 Qg5 37. f6 Qh4 38. fxg7+ Bxg7 0-1

[Event "OL-NORD WEST 1617 SV Tempo Göttin. - Br"]
[Site "?"]
[Date "2017.02.19"]
[Round "6.4"]
[White "Schmidt, Alexander"]
[Black "Juhnke, Karl"]
[Result "0-1"]
[WhiteElo "2128"]
[BlackElo "2161"]
[PlyCount "64"]
[EventDate "2017.??.??"]

1. e4 c5 2. Nf3 d6 3. d4 cxd4 4. Nxd4 Nf6 5. Nc3 a6 6. Be2 e5 7. Nb3 Be7 8. a4
Be6 9. O-O Nc6 10. Kh1 d5 11. exd5 Nxd5 12. Nxd5 Bxd5 13. c4 Be6 14. Be3 f5 15.
a5 Rc8 16. Bb6 Qxd1 17. Rfxd1 Nb4 18. Rac1 Kf7 19. Nd2 Bc5 20. Nf3 Kf6 21. h4
Bxb6 22. axb6 Rhd8 23. b3 g6 24. Kg1 h6 25. Kf1 Rxd1+ 26. Rxd1 Rc6 27. Rd8 Rxb6
28. Rf8+ Ke7 29. Rh8 Nc6 30. Bd1 Kf6 31. Rxh6 Kg7 32. Ng5 Bg8 0-1

[Event "OL-NORD WEST 1617 SV Tempo Göttin. - Br"]
[Site "?"]
[Date "2017.02.19"]
[Round "6.5"]
[White "Giel, Olaf"]
[Black "Markgraf, Stefan"]
[Result "1-0"]
[WhiteElo "2128"]
[BlackElo "2111"]
[PlyCount "147"]
[EventDate "2017.??.??"]

1. d4 Nf6 2. Nf3 e6 3. e3 b6 4. Nbd2 Bb7 5. Bd3 c5 6. O-O d5 7. c3 Be7 8. Qe2
O-O 9. e4 dxe4 10. Nxe4 Nxe4 11. Bxe4 Bxe4 12. Qxe4 Nd7 13. Bf4 Nf6 14. Qe2 Nd5
15. Bg3 cxd4 16. Nxd4 Bd6 17. Nxe6 Re8 18. Nxd8 Rxe2 19. Rfe1 Rxe1+ 20. Rxe1
Rxd8 21. Bxd6 g5 22. Be5 f6 23. Bd4 Kf7 24. g3 Ne7 25. Kf1 Nf5 26. Rd1 Re8 27.
Rd3 Re6 28. f3 Rd6 29. Ke2 Ke7 30. Kd2 Rc6 31. b3 a6 32. c4 b5 33. cxb5 axb5
34. Bc3 Ke6 35. a4 bxa4 36. bxa4 Ra6 37. a5 Nd6 38. Rd4 Nb5 39. Re4+ Kf5 40.
Bb4 Na7 41. Rc4 Ke6 42. Rc5 Nc6 43. Bc3 Ne7 44. Kd3 Nf5 45. Kc4 Nd6+ 46. Kb4
Ra7 47. Bd4 Ra6 48. Rc7 h5 49. Bb6 g4 50. fxg4 hxg4 51. Kc5 Ne4+ 52. Kb5 Ra8
53. a6 Nd6+ 54. Ka5 Kd5 55. a7 Nc8 56. Ka6 Nxa7 57. Bxa7 Ke4 58. Rc2 f5 59. Rf2
Rd8 60. Kb5 Rd1 61. Kc6 Ke5 62. Re2+ Kf6 63. Be3 Rd3 64. Bf4 Rc3+ 65. Kd5 Rd3+
66. Kc4 Rd1 67. Rd2 Rf1 68. Ra2 Rd1 69. Kc5 Rd3 70. Ra6+ Ke7 71. Bg5+ Kd7 72.
Rf6 Ra3 73. Kd5 Ra2 74. Ke5 1-0

[Event "OL-NORD WEST 1617 SV Tempo Göttin. - Br"]
[Site "?"]
[Date "2017.02.19"]
[Round "6.6"]
[White "Liebig, Stefan"]
[Black "Peters, Frank"]
[Result "1/2-1/2"]
[WhiteElo "2154"]
[BlackElo "2150"]
[PlyCount "48"]
[EventDate "2017.??.??"]

1. b3 d6 2. Bb2 e5 3. e3 Nf6 4. d4 exd4 5. exd4 Be7 6. Bd3 O-O 7. Ne2 c6 8. O-O
a5 9. Nd2 a4 10. c4 axb3 11. axb3 Rxa1 12. Qxa1 d5 13. Ng3 Re8 14. Re1 Na6 15.
Ba3 Nb4 16. Bb1 Bf8 17. Rxe8 Qxe8 18. c5 Na6 19. Bd3 Nc7 20. Kf1 g6 21. b4 Ne6
22. Qe1 Nf4 23. Qxe8 Nxe8 24. Bc2 Ng7 1/2-1/2

[Event "OL-NORD WEST 1617 SV Tempo Göttin. - Br"]
[Site "?"]
[Date "2017.02.19"]
[Round "6.7"]
[White "Rust-Lux, Klaus"]
[Black "Karwatt, Lothar"]
[Result "1-0"]
[WhiteElo "2070"]
[BlackElo "2124"]
[PlyCount "119"]
[EventDate "2017.??.??"]

1. Nf3 Nf6 2. g3 g6 3. Bg2 Bg7 4. O-O O-O 5. c4 d6 6. d4 Nc6 7. Nc3 e5 8. d5
Ne7 9. e4 Ne8 10. Ne1 f5 11. Nd3 Nf6 12. f3 fxe4 13. fxe4 Bg4 14. Qe1 c5 15.
Be3 Kh8 16. Qd2 Neg8 17. Rf2 Qd7 18. Rff1 Bh3 19. Bxh3 Qxh3 20. Nf2 Qd7 21. Kg2
a6 22. a4 b6 23. h3 Rf7 24. g4 Raf8 25. Qe2 Qe7 26. Nd3 Qd7 27. Rf2 Qe7 28.
Raf1 Nd7 29. Rxf7 Rxf7 30. Rxf7 Qxf7 31. Qd2 h6 32. Ne2 Ndf6 33. Ng3 Qd7 34.
Qd1 Ne8 35. Qb3 Qc7 36. Ne1 Bf6 37. Nf3 Bd8 38. Qd3 Qd7 39. b3 Kg7 40. Qe2 Nc7
41. Kh2 Qf7 42. Kg2 Qd7 43. g5 hxg5 44. Nxg5 Bxg5 45. Bxg5 Nf6 46. Bc1 Qe8 47.
Qd2 Qh8 48. Qf2 Qb8 49. Bg5 Nce8 50. Qf1 Qb7 51. Kh2 Qd7 52. Qe2 Qf7 53. Bd2
Qd7 54. Qe3 b5 55. axb5 axb5 56. Qh6+ Kf7 57. Qh8 bxc4 58. Bh6 Ke7 59. bxc4 g5
60. Nf5+ 1-0

[Event "OL-NORD WEST 1617 SV Tempo Göttin. - Br"]
[Site "?"]
[Date "2017.02.19"]
[Round "6.8"]
[White "Hagemann, Sven"]
[Black "Stieglitz, Dirk"]
[Result "1/2-1/2"]
[WhiteElo "2007"]
[BlackElo "2094"]
[PlyCount "120"]
[EventDate "2017.??.??"]

1. e4 Nf6 2. e5 Nd5 3. d4 d6 4. c4 Nb6 5. exd6 exd6 6. Nc3 Nc6 7. Be3 Be7 8.
Bd3 O-O 9. Nge2 Nb4 10. O-O Bg4 11. f3 Nxd3 12. Qxd3 Bh5 13. Nf4 Bg6 14. Nxg6
hxg6 15. d5 Bf6 16. f4 c6 17. Rad1 Bxc3 18. Qxc3 cxd5 19. cxd5 Rc8 20. Qb3 Nc4
21. Bd4 Qa5 22. Qh3 Nd2 23. Rfe1 Rce8 24. Qc3 Qxc3 25. Bxc3 Ne4 26. Bb4 f5 27.
Rc1 Rc8 28. a4 Kf7 29. h3 Rfe8 30. Ba3 a6 31. b4 Nc3 32. Rxe8 Kxe8 33. Kf1 Kd7
34. Bb2 Nxd5 35. Rxc8 Kxc8 36. Bxg7 Nxf4 37. Bc3 b5 38. axb5 axb5 39. Kf2 Kd7
40. Kf3 Nd5 41. Bd2 Ke6 42. g4 fxg4+ 43. Kxg4 Nf6+ 44. Kf4 g5+ 45. Ke3 Kd5 46.
Kd3 Ne4 47. Be3 Ke5 48. Bd4+ Kf5 49. Be3 Nf6 50. Kd4 g4 51. hxg4+ Nxg4 52. Bd2
Ke6 53. Bf4 Ne5 54. Bd2 Nc6+ 55. Ke4 d5+ 56. Kf4 Ne5 57. Bc3 Ng6+ 58. Ke3 Kd6
59. Bg7 Ne5 60. Bf8+ Kc6 1/2-1/2

[Event "OL-NORD WEST 1617 Bremer SG - Post VSV "]
[Site "?"]
[Date "2017.03.19"]
[Round "7.2"]
[White "Borik, Otto"]
[Black "Wiegmann, Sascha"]
[Result "0-1"]
[WhiteElo "2372"]
[BlackElo "2272"]
[PlyCount "55"]
[EventDate "2017.??.??"]

1. Nf3 Nf6 2. d4 g6 3. Bf4 Bg7 4. e3 O-O 5. Be2 d6 6. h3 c5 7. c3 b6 8. O-O Bb7
9. a4 a6 10. Nbd2 Nbd7 11. Bg3 Ra7 12. Re1 Qa8 13. Bf1 Bc6 14. Qb1 Ne4 15. Bh4
Re8 16. Qa2 Bd5 17. Qa3 Rc7 18. c4 Nxd2 19. Nxd2 Bb7 20. d5 Qb8 21. e4 Bc8 22.
Bg3 e5 23. dxe6 Rxe6 24. f4 Bb7 25. Bd3 Bc6 26. Rab1 Rc8 27. Bf2 Qc7 28. Bc2
0-1

[Event "OL-NORD WEST 1617 Bremer SG - Post VSV "]
[Site "?"]
[Date "2017.03.19"]
[Round "7.3"]
[White "Bogomolow, Sergej"]
[Black "Hundack, Rolf"]
[Result "1/2-1/2"]
[WhiteElo "2193"]
[BlackElo "2096"]
[PlyCount "130"]
[EventDate "2017.??.??"]

1. e4 e5 2. Nf3 Nc6 3. Bc4 Be7 4. d4 exd4 5. Nxd4 d6 6. O-O Nf6 7. Nc3 O-O 8.
h3 Bd7 9. Be3 a6 10. a4 Rb8 11. a5 Nxd4 12. Bxd4 Bc6 13. Re1 Nd7 14. f4 g6 15.
Nd5 Bxd5 16. Bxd5 Bh4 17. Re3 Nf6 18. Bb3 Nh5 19. Qg4 Bf6 20. e5 Bg7 21. Rd1
Kh8 22. Qf3 f5 23. exd6 cxd6 24. Be5 Re8 25. Rxd6 Qxa5 26. Rd5 Qb6 27. Kh2 Rbd8
28. Red3 Rxd5 29. Rxd5 Qb4 30. Rd7 Bxe5 31. fxe5 Rxe5 32. Rd8+ Kg7 33. Rd7+ Kh6
34. g4 fxg4 35. hxg4 Qf4+ 36. Qxf4+ Nxf4 37. Rxb7 Kg5 38. Rxh7 Kxg4 39. Bc4 a5
40. b3 g5 41. Rb7 Re8 42. Rb5 Rd8 43. Bd3 Nxd3 44. cxd3 Rxd3 45. Rxa5 Rd2+ 46.
Kg1 Kh4 47. b4 g4 48. Ra3 Rb2 49. Rc3 Rb1+ 50. Kg2 Rb2+ 51. Kg1 Rxb4 52. Ra3
Kg5 53. Kg2 Kf4 54. Rc3 Rb2+ 55. Kg1 Re2 56. Ra3 Re3 57. Rxe3 Kxe3 58. Kg2 Ke4
59. Kg3 Kf5 60. Kg2 Kf4 61. Kf2 g3+ 62. Kg2 Kg4 63. Kg1 Kf3 64. Kf1 g2+ 65. Kg1
Kg3 1/2-1/2

[Event "OL-NORD WEST 1617 Bremer SG - Post VSV"]
[Site "?"]
[Date "2017.03.19"]
[Round "7.4"]
[White "Issing, Peter"]
[Black "Mittelstaedt, Hendrik"]
[Result "0-1"]
[WhiteElo "2208"]
[BlackElo "2061"]
[PlyCount "102"]
[EventDate "2017.??.??"]

1. d4 Nf6 2. c4 e6 3. Nc3 Bb4 4. Qc2 c5 5. dxc5 O-O 6. Nf3 Na6 7. a3 Bxc3+ 8.
Qxc3 Nxc5 9. Bf4 b6 10. e3 Ba6 11. b4 Nce4 12. Qb2 Rc8 13. b5 Bb7 14. Bd3 d5
15. Rd1 Qe7 16. cxd5 Bxd5 17. O-O Rc3 18. Qb4 Qc5 19. Bxe4 Nxe4 20. Ra1 f6 21.
Qxc5 Rxc5 22. a4 e5 23. Bg3 g5 24. Rfc1 Rfc8 25. Rxc5 Rxc5 26. Ne1 Kf7 27. f3
Nxg3 28. hxg3 Bb3 29. Nd3 Rc3 30. Nb4 Rc4 31. Nc6 a5 32. f4 exf4 33. gxf4 gxf4
34. Nd4 Bxa4 35. Kf2 Bc2 36. Kf3 fxe3 37. Kxe3 Bg6 38. Ra3 Rc5 39. g3 Ke7 40.
Ra4 Be8 41. Ra1 Kd6 42. Rh1 Rc3+ 43. Kd2 Ra3 44. Nf5+ Kc5 45. Rxh7 Bg6 46. Rc7+
Kxb5 47. Ne3 Rd3+ 48. Ke2 Rd6 49. Kf3 a4 50. g4 Kb4 51. Rg7 Bd3 0-1

[Event "OL-NORD WEST 1617 Bremer SG - Post VSV"]
[Site "?"]
[Date "2017.03.19"]
[Round "7.5"]
[White "Schulze, Ingo"]
[Black "Juhnke, Karl"]
[Result "1/2-1/2"]
[WhiteElo "2035"]
[BlackElo "2161"]
[PlyCount "115"]
[EventDate "2017.??.??"]

1. d4 Nf6 2. c4 g6 3. Nc3 Bg7 4. e4 d6 5. Nf3 O-O 6. Be2 e5 7. O-O Nc6 8. d5
Ne7 9. Ne1 Nd7 10. Nd3 f5 11. Bd2 Nf6 12. f3 f4 13. c5 g5 14. cxd6 cxd6 15. Nf2
Ng6 16. Qc2 Rf7 17. Rfc1 Bf8 18. Nb5 Ne8 19. a4 h5 20. h3 Nh4 21. Ra3 g4 22.
hxg4 hxg4 23. fxg4 a6 24. Rc3 Bd7 25. Na3 f3 26. gxf3 b5 27. axb5 axb5 28. b4
Be7 29. Qd1 Bg5 30. Nh3 Bxd2 31. Qxd2 Ng6 32. Qg5 Qb6+ 33. Qe3 Qd8 34. Qh6 Rg7
35. Kf1 Rb8 36. Nc2 Qf6 37. Ng5 Bxg4 38. Ke1 Qf4 39. Ne3 Bd7 40. Kd2 Ra8 41.
Kd3 Qf6 42. Kd2 Ra2+ 43. R3c2 Rxc2+ 44. Kxc2 Nf4 45. Qxf6 Nxf6 46. Ne6 Bxe6 47.
Bxb5 Rc7+ 48. Nc4 Bd7 49. Ba6 Bc8 50. Bb5 Ne2 51. Bc6 Ba6 52. Nxd6 Nxc1 53.
Kxc1 Be2 54. b5 Nd7 55. Ne8 Rc8 56. Nd6 Rc7 57. Ne8 Rc8 58. Nd6 1/2-1/2

[Event "OL-NORD WEST 1617 Bremer SG - Post VSV"]
[Site "?"]
[Date "2017.03.19"]
[Round "7.6"]
[White "Giel, Olaf"]
[Black "von Estorff, Jacob"]
[Result "1-0"]
[WhiteElo "2128"]
[BlackElo "1922"]
[PlyCount "53"]
[EventDate "2017.??.??"]

1. d4 d5 2. Nf3 Nf6 3. e3 Bg4 4. c4 e6 5. Qb3 b6 6. Ne5 Bd6 7. cxd5 exd5 8.
Bb5+ Kf8 9. Nc3 Be6 10. f4 Bxe5 11. fxe5 Ne4 12. O-O Nxc3 13. bxc3 g6 14. e4 c6
15. Bd3 Kg7 16. Qc2 Rf8 17. Qf2 Nd7 18. Qf4 f5 19. Qh6+ Kg8 20. exf5 Bxf5 21.
Bxf5 Rxf5 22. Rxf5 gxf5 23. Bg5 Qc7 24. e6 Nf8 25. e7 Ng6 26. Re1 Re8 27. Bf6
1-0

[Event "OL-NORD WEST 1617 Bremer SG - Post VSV"]
[Site "?"]
[Date "2017.03.19"]
[Round "7.7"]
[White "Untiedt, Jan Niklas"]
[Black "Peters, Frank"]
[Result "1-0"]
[WhiteElo "1937"]
[BlackElo "2150"]
[PlyCount "99"]
[EventDate "2017.??.??"]

1. e4 g6 2. d4 Bg7 3. Nc3 c6 4. Be3 d5 5. Qd2 dxe4 6. Nxe4 Nd7 7. O-O-O Ngf6 8.
f3 O-O 9. Bh6 Qc7 10. Bxg7 Kxg7 11. Bd3 c5 12. Nxc5 Nxc5 13. dxc5 Qxc5 14. h4
h6 15. g4 Be6 16. Kb1 Rfd8 17. g5 hxg5 18. hxg5 Nd5 19. a3 Ne3 20. Re1 Nf5 21.
Ne2 Rac8 22. Rh2 Qd5 23. Nc3 Qxf3 24. Reh1 Rh8 25. Be4 Qg3 26. Bxb7 Rxh2 27.
Rxh2 Rc7 28. Rg2 Qh4 29. Rh2 Qg3 30. Rg2 Qh3 31. Be4 Qh1+ 32. Nd1 Rd7 33. Bd3
Qh4 34. Rh2 Qg4 35. b3 Rd8 36. Rh1 Rh8 37. Bxf5 Qxf5 38. Qd4+ f6 39. Rxh8 Kxh8
40. Qxa7 Qxg5 41. Qxe7 Qe5 42. a4 g5 43. a5 g4 44. a6 Qe2 45. Qd8+ Kg7 46. a7
Bf5 47. Qc7+ Kg6 48. a8=Q Qxd1+ 49. Kb2 Qd4+ 50. Qc3 1-0

[Event "OL-NORD WEST 1617 Bremer SG - Post VSV"]
[Site "?"]
[Date "2017.03.19"]
[Round "7.8"]
[White "Krajina, Davor"]
[Black "Cohrs, Joerg-Artur"]
[Result "1-0"]
[WhiteElo "2262"]
[BlackElo "1951"]
[PlyCount "65"]
[EventDate "2017.??.??"]

1. e4 c5 2. Nf3 Nc6 3. Bb5 Qb6 4. Nc3 e6 5. O-O Nge7 6. a4 Ng6 7. d3 Be7 8. Be3
O-O 9. a5 Qc7 10. Bxc6 Qxc6 11. e5 d5 12. exd6 Bxd6 13. Ng5 Nf4 14. Bxf4 Bxf4
15. Qh5 Bxg5 16. Qxg5 f6 17. Qh5 Bd7 18. Rfe1 Rae8 19. Re4 Re7 20. Rc4 f5 21.
d4 b6 22. dxc5 b5 23. Rh4 g6 24. Qg5 Ref7 25. b4 Qb7 26. Rd4 Bc6 27. Rad1 Kg7
28. f4 h6 29. Qg3 e5 30. Rd6 g5 31. fxg5 f4 32. Qh3 h5 33. Qxh5 1-0

[Event "OL-NORD WEST 1617 Union Oldenburg - SV"]
[Site "?"]
[Date "2017.03.19"]
[Round "7.1"]
[White "Raum, Sebastian"]
[Black "Bredemeier, Dirk"]
[Result "0-1"]
[WhiteElo "2128"]
[BlackElo "2301"]
[PlyCount "56"]
[EventDate "2017.??.??"]

1. e4 c5 2. Nf3 e6 3. d4 cxd4 4. Nxd4 Nc6 5. Nc3 Qc7 6. Be3 a6 7. Qf3 d6 8. g4
Bd7 9. O-O-O Rc8 10. Qg3 Nxd4 11. Rxd4 b5 12. Be2 Qb7 13. Rhd1 b4 14. Nb1 e5
15. Rc4 Be6 16. Rxc8+ Qxc8 17. f4 exf4 18. Bxf4 Nf6 19. e5 Ne4 20. Qg2 d5 21.
Nd2 Nc5 22. Kb1 Be7 23. Nf3 O-O 24. Nd4 a5 25. Nb5 Ne4 26. Bf3 Qc4 27. Nd6 Bxd6
28. Bxe4 Be7 0-1

[Event "OL-NORD WEST 1617 Union Oldenburg - SV"]
[Site "?"]
[Date "2017.03.19"]
[Round "7.2"]
[White "Meessen, Max"]
[Black "Schmidt, Alexander"]
[Result "1/2-1/2"]
[WhiteElo "2231"]
[BlackElo "2128"]
[PlyCount "80"]
[EventDate "2017.??.??"]

1. c4 e5 2. Nc3 Nc6 3. g3 g6 4. Bg2 Bg7 5. e4 d6 6. Nge2 Be6 7. d3 Qd7 8. Nd5
Nce7 9. Be3 c6 10. Nxe7 Nxe7 11. O-O h5 12. h4 O-O 13. Rc1 f5 14. f4 c5 15.
fxe5 dxe5 16. Bxc5 Bh6 17. Rc3 f4 18. d4 Rad8 19. d5 Bg4 20. gxf4 b6 21. Ba3
Bxf4 22. Qd3 Bh6 23. Rxf8+ Rxf8 24. c5 bxc5 25. Bxc5 Rf7 26. Be3 Bg7 27. Bg5
Nc8 28. Rc6 Nd6 29. Nc3 Kh7 30. Na4 Nb7 31. b4 Qe8 32. Nc5 Nxc5 33. Rxc5 Bf8
34. d6 Qb8 35. Qd5 Rd7 36. Be7 Qxb4 37. Bxf8 Qe1+ 38. Kh2 Qxh4+ 39. Kg1 Qe1+
40. Kh2 Qh4+ 1/2-1/2

[Event "OL-NORD WEST 1617 Union Oldenburg - SV"]
[Site "?"]
[Date "2017.03.19"]
[Round "7.3"]
[White "Markgraf, Stefan"]
[Black "Mueer, Sebastian"]
[Result "0-1"]
[WhiteElo "2111"]
[BlackElo "2269"]
[PlyCount "138"]
[EventDate "2017.??.??"]

1. e4 c5 2. Nf3 d6 3. c3 Nf6 4. Be2 g6 5. O-O Bg7 6. Bb5+ Bd7 7. Bxd7+ Nbxd7 8.
Re1 O-O 9. d4 e6 10. Bf4 e5 11. dxe5 dxe5 12. Bg5 h6 13. Bh4 Qc7 14. Nbd2 c4
15. a4 a5 16. Qe2 Nb6 17. Reb1 Nh5 18. b3 Nf4 19. Qf1 g5 20. Bg3 cxb3 21. Rxb3
Nd7 22. Bxf4 exf4 23. Nd4 Rfe8 24. Re1 Rac8 25. h4 g4 26. Qe2 h5 27. Nb5 Qc5
28. Qd3 Ne5 29. Qd5 Red8 30. Qxc5 Rxc5 31. Nf1 Rc4 32. Nd4 Nd3 33. Ra1 Nc5 34.
Rb5 g3 35. Ne2 gxf2+ 36. Kh2 Be5 37. g3 fxg3+ 38. Kg2 Rd3 39. Nexg3 Rcxc3 40.
Nxh5 f6 41. Ra2 Nxe4 42. Re2 Nd6 43. Rxa5 Rd4 44. Kxf2 Rxh4 45. Nfg3 Bxg3+ 46.
Nxg3 Rf4+ 47. Kg2 Rg4 48. Re7 Rgxg3+ 49. Kf2 Rgf3+ 50. Kg2 Rg3+ 51. Kf2 Rg7 52.
Ra8+ Kh7 53. Re6 Rd7 54. a5 f5 55. Ra7 Nb5 56. Ra8 Nc7 57. Rc8 Nxe6 58. Rxc3
Kg6 59. Rb3 Kg5 60. Rg3+ Kf6 61. Rb3 Rd5 62. Rxb7 Rxa5 63. Rb3 Ra4 64. Rc3 f4
65. Kf3 Kf5 66. Rd3 Ng5+ 67. Kf2 Ra2+ 68. Kg1 Kg4 69. Rd8 Kg3 0-1

[Event "OL-NORD WEST 1617 Union Oldenburg - SV"]
[Site "?"]
[Date "2017.03.19"]
[Round "7.4"]
[White "Wittje, Berthold"]
[Black "Liebig, Stefan"]
[Result "1-0"]
[WhiteElo "2214"]
[BlackElo "2154"]
[PlyCount "35"]
[EventDate "2017.??.??"]

1. Nf3 b5 2. e4 Bb7 3. Bxb5 Bxe4 4. O-O Nf6 5. d4 e6 6. Nbd2 Bb7 7. Nb3 Be7 8.
Qe2 O-O 9. Bd3 Nc6 10. c3 d6 11. Bg5 Qd7 12. Rad1 Rae8 13. Bb5 Qc8 14. Rfe1 Nd5
15. Bc1 Bf6 16. Qe4 Nde7 17. Ng5 Ng6 18. Bxc6 1-0

[Event "OL-NORD WEST 1617 Union Oldenburg - SV"]
[Site "?"]
[Date "2017.03.19"]
[Round "7.5"]
[White "Boettcher, Christian"]
[Black "Heinemann, Ernst"]
[Result "1-0"]
[WhiteElo "2180"]
[BlackElo "2114"]
[PlyCount "137"]
[EventDate "2017.??.??"]

1. e4 c6 2. d3 g6 3. Nf3 Bg7 4. g3 d6 5. Bg2 Qc7 6. O-O e5 7. d4 Ne7 8. Be3 O-O
9. Nc3 b6 10. Qd2 Re8 11. Rfd1 Bg4 12. h3 Be6 13. Ng5 Bc8 14. h4 f6 15. Nh3 Bg4
16. f3 Be6 17. Nf2 Nd7 18. f4 Nf8 19. g4 Rad8 20. d5 Bd7 21. fxe5 fxe5 22. Qe2
c5 23. a4 Rb8 24. Nb5 Bxb5 25. axb5 h6 26. Ra3 Rb7 27. Rf1 Nc8 28. Bd2 Re7 29.
Rg3 Rf7 30. Bf3 Qe7 31. g5 h5 32. Bxh5 gxh5 33. Qxh5 Qe8 34. Qg4 Rf4 35. Bxf4
exf4 36. Rg2 Ng6 37. Nh3 Bd4+ 38. Kh1 f3 39. Rh2 Ne5 40. Qg3 Qxb5 41. Re1 Ng6
42. h5 Be5 43. Qg4 Qd7 44. Qxd7 Rxd7 45. hxg6 Bxh2 46. Kxh2 Rg7 47. Kg3 Ne7 48.
Rf1 Nxg6 49. Rxf3 Ne5 50. Rf6 Rd7 51. Kf4 b5 52. Kf5 a5 53. Ke6 a4 54. Rf1 Rf7
55. Rc1 Rh7 56. Ng1 Nf7 57. Nf3 Rh3 58. g6 Nd8+ 59. Kd7 Rxf3 60. Kxd8 Rf6 61.
Kc7 Rxg6 62. e5 dxe5 63. d6 Kf7 64. d7 Rg8 65. d8=Q Rxd8 66. Kxd8 Ke6 67. Kc7
Kd5 68. Kb6 Kc4 69. Re1 1-0

[Event "OL-NORD WEST 1617 Union Oldenburg - SV"]
[Site "?"]
[Date "2017.03.19"]
[Round "7.6"]
[White "Schuette, Marc"]
[Black "Karwatt, Lothar"]
[Result "1/2-1/2"]
[WhiteElo "2126"]
[BlackElo "2124"]
[PlyCount "31"]
[EventDate "2017.??.??"]

1. e4 e6 2. d4 d5 3. Nd2 c5 4. exd5 exd5 5. Ngf3 Nc6 6. Bb5 Bd6 7. dxc5 Bxc5 8.
Nb3 Bd6 9. Bg5 Nge7 10. Nfd4 Bd7 11. O-O O-O 12. Re1 Re8 13. a4 Qc7 14. Qh5 Nf5
15. Nxf5 Bxf5 16. Rxe8+ {(=)} 1/2-1/2

[Event "OL-NORD WEST 1617 Union Oldenburg - SV"]
[Site "?"]
[Date "2017.03.19"]
[Round "7.7"]
[White "Hagemann, Sven"]
[Black "Buerckner, Hartmut"]
[Result "1-0"]
[WhiteElo "2007"]
[BlackElo "2163"]
[PlyCount "57"]
[EventDate "2017.??.??"]

1. e4 c5 2. Nc3 a6 3. f4 e6 4. Nf3 Nc6 5. g3 d6 6. Bg2 Nf6 7. O-O Be7 8. d3 O-O
9. h3 Qc7 10. g4 Rb8 11. f5 Nd7 12. g5 Re8 13. f6 Bf8 14. fxg7 Bxg7 15. Nh2
Nce5 16. Qh5 Nf8 17. Bf4 Nfg6 18. Bxe5 Nxe5 19. Rf2 Rf8 20. Raf1 Bd7 21. Nd1
Qd8 22. Rf4 Ng6 23. Rf6 Bxf6 24. Rxf6 e5 25. Ne3 Nf4 26. Qh6 Kh8 27. Nhg4 Qe7
28. Rxf4 exf4 29. Nf6 1-0

[Event "OL-NORD WEST 1617 Union Oldenburg - SV"]
[Site "?"]
[Date "2017.03.19"]
[Round "7.8"]
[White "Wagner, Jan"]
[Black "Petzold, Lutz Lukas"]
[Result "1/2-1/2"]
[WhiteElo "2112"]
[BlackElo "2250"]
[PlyCount "91"]
[EventDate "2017.??.??"]

1. Nf3 Nf6 2. c4 g6 3. b4 Bg7 4. Bb2 O-O 5. g3 c6 6. Bg2 d5 7. Na3 Qb6 8. Qb3
Na6 9. Rb1 Bf5 10. Bd4 c5 11. bxc5 Nxc5 12. Bxc5 Qxc5 13. d3 dxc4 14. Nxc4 Rab8
15. a4 Be6 16. O-O Rfc8 17. Rfc1 Bh6 18. Rc2 Ng4 19. Rf1 b5 20. axb5 Rxb5 21.
Qa3 Bxc4 22. Qxc5 Rbxc5 23. Rxc4 Rxc4 24. dxc4 Rxc4 25. h3 Nf6 26. Ne5 Rc2 27.
Ra1 Rxe2 28. Nc6 Kf8 29. Bf3 Rd2 30. Rxa7 e6 31. Ra5 Nd7 32. Ne5 Nxe5 33. Rxe5
Bg7 34. Re2 Rd3 35. Kg2 Bd4 36. Be4 Ra3 37. h4 f5 38. Bb1 e5 39. h5 Kg7 40.
hxg6 hxg6 41. Rd2 Ra4 42. Ra2 Rb4 43. Bc2 Kf6 44. Bd1 e4 45. Ra4 Rxa4 46. Bxa4
1/2-1/2

[Event "OL-NORD WEST 1617 Hannover - SV Werder "]
[Site "?"]
[Date "2017.03.19"]
[Round "7.1"]
[White "Krallmann, Matthias"]
[Black "Izrailev, Alexander"]
[Result "1/2-1/2"]
[WhiteElo "2128"]
[BlackElo "2250"]
[PlyCount "60"]
[EventDate "2017.??.??"]

1. d4 e6 2. c4 f5 3. g3 Nf6 4. Bg2 d5 5. Nf3 c6 6. O-O Bd6 7. Qc2 O-O 8. Nc3
Bd7 9. Rb1 Be8 10. Bf4 Bxf4 11. gxf4 Nbd7 12. Ne5 Kh8 13. Kh1 Qe7 14. Nxd7 Nxd7
15. Qb3 Nb6 16. c5 Nc8 17. Qc2 g5 18. fxg5 f4 19. e4 Qxg5 20. Bf3 Bg6 21. Rg1
Qf6 22. Qd2 Ne7 23. Rbe1 dxe4 24. Nxe4 Bxe4 25. Rxe4 Ng6 26. Rge1 Rad8 27. Qc3
Nh4 28. Bg4 Qg7 29. Qh3 Ng6 30. Qc3 Nh4 1/2-1/2

[Event "OL-NORD WEST 1617 Hannover - SV Werder "]
[Site "?"]
[Date "2017.03.19"]
[Round "7.2"]
[White "Bangiev, Alexander"]
[Black "Lai Hop, Duong"]
[Result "1-0"]
[WhiteElo "2387"]
[BlackElo "2178"]
[PlyCount "49"]
[EventDate "2017.??.??"]

1. e4 d5 2. exd5 Qxd5 3. Nc3 Qd6 4. d4 Nf6 5. Nf3 c6 6. Ne5 Nbd7 7. Nc4 Qc7 8.
Qf3 Nb6 9. Bf4 Qd8 10. Be5 Bg4 11. Qg3 h5 12. h3 h4 13. Qf4 Be6 14. Nxb6 Qxb6
15. O-O-O O-O-O 16. Be2 Nd5 17. Nxd5 cxd5 18. Rd3 Rd6 19. Bxd6 Qxd6 20. Qxd6
exd6 21. Re1 Rh6 22. Bg4 Be7 23. f4 Bd8 24. Rc3+ Kb8 25. f5 1-0

[Event "OL-NORD WEST 1617 Hannover - SV Werder "]
[Site "?"]
[Date "2017.03.19"]
[Round "7.3"]
[White "Buescher, Andre"]
[Black "Piepho, Niels"]
[Result "0-1"]
[WhiteElo "2048"]
[BlackElo "2237"]
[PlyCount "90"]
[EventDate "2017.??.??"]

1. e4 d6 2. d4 Nf6 3. Nc3 g6 4. Be3 a6 5. a4 Bg7 6. h3 b6 7. g4 Bb7 8. Bg2 d5
9. e5 Ne4 10. Nge2 Nxc3 11. bxc3 Nc6 12. Qc1 Qd7 13. Nf4 Na5 14. Nd3 Nc4 15.
Bh6 Bxh6 16. Qxh6 O-O-O 17. O-O a5 18. Qg7 Rdf8 19. f4 h5 20. f5 gxf5 21. Rxf5
hxg4 22. hxg4 Ne3 23. Rxf7 Rfg8 24. e6 Qxe6 25. Rxe7 Rxg7 26. Rxe6 Nxg2 27.
Kxg2 Rxg4+ 28. Kf3 Re4 29. Re5 Rh3+ 30. Kg2 Rhe3 31. Rf1 Bc6 32. Rf8+ Kb7 33.
Rff5 Re2+ 34. Rf2 Rxe5 35. dxe5 d4+ 36. Kg3 Rxf2 37. Kxf2 dxc3 38. Ke3 Bxa4 39.
Ne1 b5 40. Kd3 b4 41. Kc4 Kc6 42. Nf3 Bb5+ 43. Kd4 Kb6 44. e6 c5+ 45. Ke5 b3
0-1

[Event "OL-NORD WEST 1617 Hannover - SV Werder "]
[Site "?"]
[Date "2017.03.19"]
[Round "7.4"]
[White "Helmer, Christoph"]
[Black "Schoetzig, Detlef"]
[Result "1-0"]
[WhiteElo "2127"]
[BlackElo "2114"]
[PlyCount "79"]
[EventDate "2017.??.??"]

1. e4 d5 2. Nc3 d4 3. Nce2 e5 4. Ng3 Nf6 5. Nf3 Bd6 6. Bc4 O-O 7. O-O Nc6 8. a3
Na5 9. Ba2 c5 10. d3 b5 11. Nh4 Be6 12. Nhf5 Bxa2 13. Rxa2 g6 14. Nxd6 Qxd6 15.
f4 exf4 16. Bxf4 Qe6 17. Ra1 Nc6 18. Qd2 Rfe8 19. h3 Ne5 20. Rf2 Nfd7 21. Raf1
f6 22. Ne2 Nf7 23. Bh2 g5 24. Ng3 Rf8 25. Nh5 Nfe5 26. Rf5 Ng6 27. Bg3 Rac8 28.
Qf2 Rc6 29. Qd2 h6 30. Qf2 Ne7 31. Rf3 Ng6 32. Qe1 Kh7 33. Bh2 Nh4 34. R3f2 Qe8
35. g4 Qe6 36. Ng3 c4 37. Ne2 Rd6 38. Bxd6 Qxd6 39. Qb4 Qf4 40. Nxf4 1-0